<?xml version="1.0" encoding="UTF-8"?>
<record
    xmlns:xsi="http://www.w3.org/2001/XMLSchema-instance"
    xsi:schemaLocation="http://www.loc.gov/MARC21/slim http://www.loc.gov/standards/marcxml/schema/MARC21slim.xsd"
    xmlns="http://www.loc.gov/MARC21/slim">

  <leader>00721nam a22001817a 4500</leader>
  <controlfield tag="003">UA-OsUOA</controlfield>
  <controlfield tag="001"> 17482 </controlfield>
  <controlfield tag="007">ta</controlfield>
  <controlfield tag="008">20040309b un ||||| |||| 00| 0 ukr d</controlfield>
  <datafield tag="100" ind1=" " ind2=" ">
    <subfield code="a">&#x427;&#x443;&#x439; &#x412;.</subfield>
  </datafield>
  <datafield tag="942" ind1=" " ind2=" ">
    <subfield code="c">SA</subfield>
  </datafield>
  <datafield tag="040" ind1=" " ind2=" ">
    <subfield code="a">UA-OsUOA</subfield>
    <subfield code="c">UA-OsUOA</subfield>
    <subfield code="d">UA-OsUOA</subfield>
  </datafield>
  <datafield tag="245" ind1=" " ind2=" ">
    <subfield code="a">&#x41F;&#x440;&#x43E;&#x437;&#x43E;&#x440;&#x456;&#x441;&#x442;&#x44C; &#x43D;&#x430; &#x440;&#x443;&#x43A;&#x443; , &#x449;&#x43E;&#x43F;&#x440;&#x430;&#x432;&#x434;&#x430; , &#x43D;&#x430; &#x436;&#x430;&#x43B;&#x44C; , &#x43B;&#x438;&#x448;&#x435; &#x442;&#x438;&#x43C; , &#x445;&#x442;&#x43E; &#x432;&#x43F;&#x440;&#x430;&#x432;&#x43D;&#x43E; &#x441;&#x43F;&#x43B;&#x430;&#x447;&#x443;&#x454; &#x432;&#x441;&#x456; &#x43F;&#x43E;&#x434;&#x430;&#x442;&#x43A;&#x438;</subfield>
    <subfield code="b">[&#x41F;&#x440;&#x43E; &#x440;&#x43E;&#x431;&#x43E;&#x442;&#x443; &#x443;&#x43F;&#x440;. &#x43F;&#x43E;&#x434;&#x430;&#x442;&#x43A;&#x43E;&#x432;&#x43E;&#x433;&#x43E; &#x430;&#x443;&#x434;&#x438;&#x442;&#x443; &#x414;&#x435;&#x440;&#x436;. &#x43F;&#x43E;&#x434;&#x430;&#x442;&#x43A;&#x43E;&#x432;&#x43E;&#x457; &#x430;&#x434;&#x43C;&#x456;&#x43D;&#x456;&#x441;&#x442;&#x440;&#x430;&#x446;&#x456; &#x420;&#x456;&#x432;&#x43D;&#x43E;&#x433;&#x43E;]</subfield>
  </datafield>
  <datafield tag="300" ind1=" " ind2=" ">
    <subfield code="a">&#x421;.6</subfield>
  </datafield>
  <datafield tag="955" ind1=" " ind2=" ">
    <subfield code="a">0</subfield>
  </datafield>
  <datafield tag="773" ind1="0" ind2=" ">
    <subfield code="w">0</subfield>
    <subfield code="t">&#x421;&#x456;&#x43C; &#x434;&#x43D;&#x456;&#x432;</subfield>
    <subfield code="d">&#x420;&#x456;&#x432;&#x43D;&#x435;</subfield>
    <subfield code="d">2004</subfield>
    <subfield code="g">&#x2116;9/ 27 &#x43B;&#x44E;&#x442;./</subfield>
  </datafield>
  <datafield tag="650" ind1=" " ind2="7">
    <subfield code="a">&#x41A;&#x440;&#x430;&#x454;&#x437;&#x43D;&#x430;&#x432;&#x447;&#x430; &#x440;&#x43E;&#x431;&#x43E;&#x442;&#x430;</subfield>
    <subfield code="2">UDC</subfield>
  </datafield>
  <datafield tag="999" ind1=" " ind2=" ">
    <subfield code="c">303650</subfield>
    <subfield code="d">303650</subfield>
  </datafield>
</record>
